[Event "Gibraltar Masters"]
[Site "Caleta ENG"]
[Date "2014.01.30"]
[Round "3.22"]
[White "Tomashevsky, Evgeny"]
[Black "Porper, Edward"]
[Result "1-0"]
[WhiteElo "2715"]
[BlackElo "2444"]
[PlyCount "135"]
[EventDate "2014.01.28"]
[EventType "swiss"]
[EventRounds "10"]
[EventCountry "ENG"]
[Source "Chess Mix"]

1. d4 d5 2. c4 c6 3. Nf3 Nf6 4. e3 e6 5. Bd3 Nbd7 6. b3 b6 7. O-O Bd6 8. Bb2
O-O 9. Nbd2 Bb7 10. Qe2 Qe7 11. Rad1 Rad8 12. Ne5 c5 13. cxd5 exd5 14. f4 Ne4
15. Nxe4 dxe4 16. Bc4 cxd4 17. Bxd4 Nxe5 18. fxe5 Bc5 19. Bxc5 bxc5 20. Rxd8
Qxd8 21. Qg4 Bc8 22. e6 fxe6 23. Bxe6+ Bxe6 24. Qxe6+ Kh8 25. Rxf8+ Qxf8 26.
Qxe4 h6 27. Qe5 Qd8 28. Qxc5 Qd1+ 29. Kf2 Qd2+ 30. Kg3 Qxa2 31. b4 a6 32. h3
Qe6 33. Qd4 Qg6+ 34. Kh2 Qf5 35. Qf4 Qb5 36. Qd6 Qc4 37. Qd4 Qf1 38. Qd5 Kh7
39. Qf3 Qb5 40. Qg4 Kh8 41. Qc8+ Kh7 42. Qc5 Qd3 43. Qd4 Qf1 44. Qf4 Qb5 45.
Kg3 Kg8 46. Qe4 Qf1 47. Qf4 Qb5 48. Qd6 Qc4 49. Qc5 Qd3 50. Qd4 Qg6+ 51. Kh2
Qf5 52. Qc4+ Kh7 53. Qxa6 Qe5+ 54. Kh1 Qxe3 55. Qd6 Qe2 56. Qc5 g5 57. Kh2 Kg6
58. b5 g4 59. Qd6+ Kh7 60. Qc7+ Kh8 61. Qc8+ Kh7 62. Qc7+ Kh8 63. Qc8+ Kh7 64.
Qf5+ Kh8 65. hxg4 Kg7 66. b6 Qe1 67. Qd7+ Kg6 68. Qd3+ 1-0

[Event "Gibraltar Masters"]
[Site "Caleta ENG"]
[Date "2014.01.31"]
[Round "4.64"]
[White "Porper, Edward"]
[Black "Rowe, Duane"]
[Result "0-1"]
[WhiteElo "2444"]
[BlackElo "2221"]
[PlyCount "86"]
[EventDate "2014.01.28"]
[EventType "swiss"]
[EventRounds "10"]
[EventCountry "ENG"]
[Source "Chess Mix"]

1. d4 e6 2. c4 Nf6 3. Nf3 c5 4. d5 exd5 5. cxd5 d6 6. Nc3 g6 7. h3 a6 8. a4 Bg7
9. e4 O-O 10. Bd3 Re8 11. O-O Nbd7 12. Bf4 Qe7 13. Qd2 Nh5 14. Bg5 f6 15. Be3
Ne5 16. Be2 f5 17. Nxe5 f4 18. Nxg6 hxg6 19. Bxf4 Nxf4 20. Qxf4 Be5 21. Qh6 Kf7
22. Rad1 Rh8 23. Qe3 Rh4 24. Rfe1 Bd7 25. Bf1 Rah8 26. b3 g5 27. Nb1 Qf6 28.
Na3 b5 29. axb5 axb5 30. Nxb5 Rf4 31. Be2 Rhh4 32. Nc7 Bd4 33. Rxd4 cxd4 34.
Qg3 Rxe4 35. Bh5+ Kg7 36. Rxe4 Rxe4 37. f3 Qe5 38. Qxe5+ Rxe5 39. Kf2 d3 40. f4
gxf4 41. Bf3 d2 42. Be2 Re3 43. b4 Rc3 0-1

[Event "Gibraltar Masters"]
[Site "Caleta ENG"]
[Date "2014.02.01"]
[Round "5.81"]
[White "Iagar, Razvan Gabriel"]
[Black "Porper, Edward"]
[Result "0-1"]
[WhiteElo "2171"]
[BlackElo "2444"]
[PlyCount "72"]
[EventDate "2014.01.28"]
[EventType "swiss"]
[EventRounds "10"]
[EventCountry "ENG"]
[Source "Chess Mix"]

1. d4 Nf6 2. Nf3 e6 3. c4 Bb4+ 4. Bd2 a5 5. g3 d6 6. Bg2 Nbd7 7. Nc3 O-O 8. Qc2
e5 9. O-O Re8 10. e4 c6 11. b3 Nb6 12. h3 exd4 13. Nxd4 Bc5 14. Be3 a4 15. Rad1
axb3 16. axb3 Qc7 17. Rfe1 Bb4 18. Bd2 Bc5 19. Be3 Ra5 20. Ra1 Nbd7 21. Nf5 Nf8
22. Rxa5 Qxa5 23. Bd2 Qa7 24. Ne3 Bd4 25. Ne2 Bb6 26. Qd3 Ng6 27. Rd1 Ne5 28.
Qc3 Bxh3 29. Bxh3 Nxe4 30. Qc2 Nxd2 31. Rxd2 Nf3+ 32. Kf1 Nxd2+ 33. Qxd2 Bxe3
34. fxe3 Qxe3 35. Qa2 Qf3+ 36. Ke1 Qxg3+ 0-1

[Event "Gibraltar Masters"]
[Site "Caleta ENG"]
[Date "2014.02.02"]
[Round "6.58"]
[White "Porper, Edward"]
[Black "Gandrud, Vegar Koi"]
[Result "1-0"]
[WhiteElo "2444"]
[BlackElo "2242"]
[PlyCount "97"]
[EventDate "2014.01.28"]
[EventType "swiss"]
[EventRounds "10"]
[EventCountry "ENG"]
[Source "Chess Mix"]

1. d4 Nf6 2. c4 g6 3. Nc3 d5 4. e3 Bg7 5. cxd5 Nxd5 6. Nxd5 Qxd5 7. Ne2 O-O 8.
Nc3 Qd8 9. Be2 c5 10. d5 b6 11. O-O Bb7 12. e4 Nd7 13. Bg5 h6 14. Bh4 Nf6 15.
Qd2 Qd7 16. Rad1 Rfd8 17. Rfe1 Ne8 18. Bg3 e5 19. f4 f6 20. fxe5 fxe5 21. Bb5
Qe7 22. Qe2 Nd6 23. Bc6 Rac8 24. Bxb7 Nxb7 25. Qg4 Kh7 26. Qe6 Rc7 27. Nb5 Qxe6
28. dxe6 Re7 29. Nxa7 Rxe6 30. Nb5 Ree8 31. Rd5 Rxd5 32. exd5 Rd8 33. Bxe5 Re8
34. Bg3 Rxe1+ 35. Bxe1 Bxb2 36. Kf2 Kg7 37. Ke3 Kf6 38. Ke4 Be5 39. h3 g5 40.
g4 Nd8 41. h4 Nf7 42. h5 Bb2 43. a4 Ne5 44. Nd6 c4 45. Bg3 Nd7 46. Bf2 Ba3 47.
Bd4+ Ke7 48. Nc8+ Kf7 49. Nxb6 1-0

[Event "Gibraltar Masters"]
[Site "Caleta ENG"]
[Date "2014.02.03"]
[Round "7.46"]
[White "Fuchs, Judith"]
[Black "Porper, Edward"]
[Result "1/2-1/2"]
[WhiteElo "2315"]
[BlackElo "2444"]
[PlyCount "80"]
[EventDate "2014.01.28"]
[EventType "swiss"]
[EventRounds "10"]
[EventCountry "ENG"]
[Source "Chess Mix"]

1. e4 e5 2. Nf3 d6 3. d4 exd4 4. Nxd4 Nf6 5. Nc3 Be7 6. g3 d5 7. e5 Ng4 8. Bg2
Nxe5 9. Qe2 Nbc6 10. Nxc6 Nxc6 11. Nxd5 Be6 12. Nxe7 Qxe7 13. O-O O-O 14. c3
Rad8 15. Bf4 Qc5 16. Rfe1 Rd7 17. Be3 Qf5 18. a4 a6 19. b4 h6 20. b5 Na5 21.
Qf3 Qc2 22. Qh5 axb5 23. Qxb5 Qf5 24. Qb4 b6 25. Be4 Qh3 26. Bg2 Qh5 27. Qf4
Rfd8 28. Rab1 Qf5 29. Qh4 Qg4 30. Qxg4 Bxg4 31. Bf1 Bf5 32. Rb4 Rd1 33. Rxd1
Rxd1 34. Kg2 Bd3 35. Bxd3 Rxd3 36. c4 Nc6 37. Rb5 Ra3 38. c5 Rxa4 39. cxb6 cxb6
40. Rxb6 Ne5 1/2-1/2

[Event "Gibraltar Masters"]
[Site "Caleta ENG"]
[Date "2014.02.04"]
[Round "8.47"]
[White "Porper, Edward"]
[Black "De Haan, Eric"]
[Result "1-0"]
[WhiteElo "2444"]
[BlackElo "2303"]
[PlyCount "62"]
[EventDate "2014.01.28"]
[EventType "swiss"]
[EventRounds "10"]
[EventCountry "ENG"]
[Source "Chess Mix"]

1. d4 Nf6 2. c4 e6 3. Nf3 c5 4. d5 exd5 5. cxd5 d6 6. Nc3 g6 7. h3 a6 8. e4 b5
9. Bd3 Bg7 10. O-O Nbd7 11. Bf4 Qb6 12. a3 O-O 13. b4 Nh5 14. Bd2 c4 15. Bc2
Ne5 16. a4 Bd7 17. g4 Ng3 18. Re1 Bxg4 19. hxg4 Nxg4 20. Be3 Qd8 21. Bd4 Nh1
22. Kxh1 Nxf2+ 23. Bxf2 Bxc3 24. Bd4 Bxb4 25. Rg1 f6 26. Qe2 Rc8 27. Qh2 Qd7
28. Qh6 Qg7 29. Qxg7+ Kxg7 30. Ng5 Rfe8 31. axb5 Bc5 1-0

[Event "Gibraltar Masters"]
[Site "Caleta ENG"]
[Date "2014.02.05"]
[Round "9.26"]
[White "Mekhitarian, Krikor"]
[Black "Porper, Edward"]
[Result "1-0"]
[WhiteElo "2566"]
[BlackElo "2444"]
[PlyCount "97"]
[EventDate "2014.01.28"]
[EventType "swiss"]
[EventRounds "10"]
[EventCountry "ENG"]
[Source "Chess Mix"]

1. d4 d5 2. c4 c6 3. Nc3 Nf6 4. Nf3 e6 5. e3 Nbd7 6. Qc2 Bd6 7. Bd3 dxc4 8.
Bxc4 b5 9. Be2 O-O 10. O-O Bb7 11. e4 e5 12. dxe5 Nxe5 13. Nd4 Ng6 14. Nf5 Be5
15. f4 Bd4+ 16. Kh1 b4 17. e5 bxc3 18. Nxd4 Qxd4 19. bxc3 Qd8 20. Rb1 Rb8 21.
exf6 Qxf6 22. f5 Ne5 23. Qe4 Qe7 24. Bf4 f6 25. Bc4+ Kh8 26. Be6 c5 27. Qe2
Rbd8 28. Rbd1 Qc7 29. Rxd8 Rxd8 30. Rd1 Rd6 31. h3 Qc6 32. Rxd6 Qxd6 33. Kg1 a6
34. Qd2 Qxd2 35. Bxd2 g6 36. Be3 gxf5 37. Bxf5 Bd5 38. a3 c4 39. Bc8 a5 40. Bb6
Nc6 41. Bb7 a4 42. Ba6 Ne5 43. Bd4 Kg7 44. Bxe5 fxe5 45. Bb5 Kf6 46. Kf2 Kg5
47. Bxa4 h5 48. g3 h4 49. gxh4+ 1-0

[Event "Gibraltar Masters"]
[Site "Caleta ENG"]
[Date "2014.02.06"]
[Round "10.45"]
[White "Porper, Edward"]
[Black "Aharon, Ofir"]
[Result "1-0"]
[WhiteElo "2444"]
[BlackElo "2304"]
[PlyCount "53"]
[EventDate "2014.01.28"]
[EventType "swiss"]
[EventRounds "10"]
[EventCountry "ENG"]
[Source "Chess Mix"]

1. d4 Nf6 2. c4 g6 3. Nc3 d5 4. e3 Bg7 5. cxd5 Nxd5 6. Nxd5 Qxd5 7. Ne2 O-O 8.
Nc3 Qd8 9. Be2 c5 10. d5 e6 11. e4 exd5 12. exd5 Qb6 13. O-O Bf5 14. a4 Na6 15.
a5 Qd6 16. Nb5 Qd7 17. d6 Be5 18. Bg5 Rfe8 19. Qd2 Be6 20. Bf4 Bb3 21. Nc3 c4
22. Bxe5 Rxe5 23. Qd4 Rae8 24. Bg4 f5 25. Bf3 Nc5 26. Bd5+ Kf8 27. Qxc5 1-0

[Event "Bay Area int."]
[Site "Santa Clara USA"]
[Date "2014.01.03"]
[Round "3"]
[White "Porper, Edward"]
[Black "Shivaji, Shivkumar"]
[Result "0-1"]
[WhiteElo "2446"]
[BlackElo "2273"]
[PlyCount "76"]
[EventDate "2014.01.02"]
[EventType "swiss"]
[EventRounds "9"]
[EventCountry "USA"]
[Source "ChessBase"]
[SourceDate "2014.02.28"]

1. Nf3 d5 2. b3 Nf6 3. Bb2 g6 4. g3 Bg7 5. Bg2 O-O 6. O-O c5 7. d3 Nc6 8. Nbd2
Re8 9. Re1 e5 10. e4 d4 11. a4 b6 12. Nc4 Bb7 13. Bc1 a6 14. a5 b5 15. Nb6 Rb8
16. Bd2 Nd7 17. Nd5 Ne7 18. Nxe7+ Qxe7 19. Qc1 Nf8 20. Bh6 f6 21. Bxg7 Qxg7 22.
h4 Bc8 23. Nd2 Be6 24. Bf1 Nd7 25. Qd1 Rf8 26. Nf3 Rbc8 27. Nd2 Kh8 28. Qe2 g5
29. hxg5 fxg5 30. f3 g4 31. fxg4 Bxg4 32. Qh2 Rf6 33. Be2 Rh6 34. Qg2 Bh3 35.
Qh2 Rg8 36. Bf3 Nf6 37. Kf2 Qg5 38. Rad1 Ng4+ 0-1

[Event "Bay Area int."]
[Site "Santa Clara USA"]
[Date "2014.01.04"]
[Round "4.24"]
[White "Haessel, Dale"]
[Black "Porper, Edward"]
[Result "0-1"]
[WhiteElo "2211"]
[BlackElo "2446"]
[PlyCount "66"]
[EventDate "2014.01.02"]
[EventType "swiss"]
[EventRounds "9"]
[EventCountry "USA"]
[Source "Mark Crowther"]
[SourceDate "2014.01.06"]

1. Nf3 Nf6 2. c4 e6 3. Nc3 Bb4 4. Qc2 d6 5. a3 Bxc3 6. Qxc3 e5 7. d3 O-O 8. e3
Re8 9. b4 a5 10. Bb2 Nc6 11. Be2 Bg4 12. h3 Bh5 13. g4 Bg6 14. b5 Nb8 15. Nd2
d5 16. O-O-O c6 17. h4 d4 18. Qc2 h5 19. g5 dxe3 20. fxe3 Nfd7 21. a4 Nc5 22.
Nf1 Nbd7 23. Ba3 Qb6 24. Kb2 Rad8 25. Ka2 Nf8 26. Ng3 Nfe6 27. Rhf1 Rd7 28. Bb2
Red8 29. e4 Nd4 30. Bxd4 Rxd4 31. Bxh5 Nxd3 32. Ka1 Bxh5 33. Nxh5 Qc5 0-1

[Event "Bay Area int."]
[Site "Santa Clara USA"]
[Date "2014.01.05"]
[Round "5.15"]
[White "Porper, Edward"]
[Black "Santarius, Erik"]
[Result "0-1"]
[WhiteElo "2446"]
[BlackElo "2343"]
[PlyCount "106"]
[EventDate "2014.01.02"]
[EventType "swiss"]
[EventRounds "9"]
[EventCountry "USA"]
[Source "Mark Crowther"]
[SourceDate "2014.01.06"]

1. d4 d5 2. c4 e6 3. Nc3 Nf6 4. cxd5 Nxd5 5. e4 Nxc3 6. bxc3 c5 7. a3 cxd4 8.
cxd4 e5 9. Nf3 exd4 10. Qxd4 Qxd4 11. Nxd4 Bc5 12. Bb5+ Bd7 13. Bxd7+ Nxd7 14.
Nf5 g6 15. Bb2 f6 16. Nh6 Rc8 17. Rc1 Ke7 18. Ke2 Rc6 19. Rhd1 Rhc8 20. f4 Bd6
21. g3 Rxc1 22. Rxc1 Rxc1 23. Bxc1 b5 24. Ng4 Ke6 25. Bb2 a5 26. Ne3 Nc5 27.
Nc2 Nxe4 28. Nd4+ Kd5 29. Nxb5 Be7 30. f5 gxf5 31. Kf3 Kc4 32. Nd4 Ng5+ 33. Kf4
Bd6+ 34. Kxf5 Be5 35. Nc6 Bxb2 36. Nxa5+ Kd5 37. Nb7 Nf7 38. a4 Nh6+ 39. Kf4
Be5+ 40. Kf3 Kc6 41. Na5+ Kc5 42. Nb3+ Kb4 43. Nd2 Kxa4 44. Ke4 Bc3 45. Nf3 Kb3
46. h3 Kc4 47. g4 Nf7 48. h4 Nd6+ 49. Kf4 Kd5 50. g5 f5 51. h5 Bb2 52. Ke3 h6
53. g6 Ne8 0-1

[Event "Bay Area int."]
[Site "Santa Clara USA"]
[Date "2014.01.05"]
[Round "6.24"]
[White "Manvelyan, Hayk"]
[Black "Porper, Edward"]
[Result "1/2-1/2"]
[WhiteElo "2282"]
[BlackElo "2446"]
[PlyCount "74"]
[EventDate "2014.01.02"]
[EventType "swiss"]
[EventRounds "9"]
[EventCountry "USA"]
[Source "Mark Crowther"]
[SourceDate "2014.01.14"]

1. d4 Nf6 2. c4 e6 3. g3 Bb4+ 4. Bd2 a5 5. Bg2 d6 6. a3 Bxd2+ 7. Nxd2 a4 8. e4
e5 9. d5 Nbd7 10. Ne2 Nc5 11. O-O O-O 12. Qc2 Bd7 13. Nc3 Qb8 14. f4 Qa7 15.
Kh1 Ng4 16. Rae1 f5 17. h3 Nh6 18. fxe5 dxe5 19. Kh2 Rae8 20. exf5 Nxf5 21.
Nde4 Nxe4 22. Nxe4 Ne3 23. Rxf8+ Rxf8 24. Qe2 Nxg2 25. Kxg2 Bf5 26. Nf2 Qc5 27.
Qxe5 Qxc4 28. Re3 Qc2 29. Re2 Qc5 30. Ne4 Bxe4+ 31. Qxe4 Qc1 32. Qe6+ Kh8 33.
Qf7 Qc5 34. Re8 Qc2+ 35. Kh1 Qc1+ 36. Kh2 Qxb2+ 37. Kh1 Qc1+ 1/2-1/2

[Event "Bay Area int."]
[Site "Santa Clara USA"]
[Date "2014.01.06"]
[Round "7.21"]
[White "Porper, Edward"]
[Black "Lobo, Ri1"]
[Result "1/2-1/2"]
[WhiteElo "2446"]
[BlackElo "2242"]
[PlyCount "165"]
[EventDate "2014.01.02"]
[EventType "swiss"]
[EventRounds "9"]
[EventCountry "USA"]
[Source "Mark Crowther"]
[SourceDate "2014.01.14"]

1. d4 Nf6 2. c4 e6 3. Nf3 Bb4+ 4. Bd2 a5 5. g3 b6 6. Bg2 Bb7 7. O-O O-O 8. Bg5
Be7 9. Qc2 d5 10. cxd5 exd5 11. Ne5 Ne4 12. Bxe7 Qxe7 13. Nc3 Nxc3 14. Qxc3 f6
15. Nd3 Na6 16. Rfe1 c5 17. Nf4 Rfd8 18. dxc5 Nxc5 19. Rad1 Ne4 20. Qb3 Qb4 21.
Bxe4 Qxe4 22. Qxb6 Qb4 23. Qxb4 axb4 24. Rd4 Rxa2 25. Rxb4 Ba6 26. Rd1 d4 27.
Kg2 g5 28. Ne6 Rd6 29. Nxd4 Bxe2 30. Re1 Bd3 31. Re7 Ra8 32. g4 Kf8 33. Re3 Bg6
34. Kg3 Re8 35. Rxe8+ Bxe8 36. Kf3 Bd7 37. Rc4 Kf7 38. b4 Kg6 39. b5 h5 40.
gxh5+ Kxh5 41. Rb4 Rb6 42. Ke4 Kg4 43. f3+ Kh3 44. Rb2 g4 45. f4 g3 46. hxg3
Kxg3 47. f5 Kg4 48. Rb1 Kg5 49. Kd5 Bxf5 50. Rg1+ Bg4 51. Kc5 Rb8 52. b6 f5 53.
Kc6 f4 54. b7 Kh4 55. Kc7 Rxb7+ 56. Kxb7 f3 57. Nxf3+ Bxf3+ 58. Kc7 Kh5 59. Rg7
Kh6 60. Re7 Bg4 61. Kd6 Kg6 62. Ke5 Bf5 63. Ra7 Bd3 64. Rc7 Bb1 65. Rb7 Ba2 66.
Kd6 Kf6 67. Rb2 Bc4 68. Rg2 Bb3 69. Kd7 Ba4+ 70. Kd8 Bb3 71. Ke8 Be6 72. Kf8
Bd5 73. Rb2 Bc4 74. Rb6+ Ke5 75. Ke7 Bd3 76. Rb4 Bf1 77. Rb1 Bc4 78. Rd1 Bb3
79. Rd6 Bc4 80. Kd7 Bb5+ 81. Kc7 Bc4 82. Kc6 Be6 83. Rxe6+ 1/2-1/2

[Event "Battle of Alberta"]
[Site "Red Deer CAN"]
[Date "2013.09.07"]
[Round "1.1"]
[White "Yam, Alex"]
[Black "Porper, Edward"]
[Result "1/2-1/2"]
[WhiteElo "2279"]
[BlackElo "2445"]
[PlyCount "93"]
[EventDate "2013.09.07"]
[EventType "team"]
[EventRounds "2"]
[EventCountry "CAN"]

1. c4 c6 2. d4 d5 3. cxd5 cxd5 4. Nc3 Nf6 5. Bf4 a6 6. e3 Nc6 7. Bd3 g6 8. h3
Bg7 9. Nf3 O-O 10. O-O b5 11. Rc1 Bb7 12. Nd2 Na5 13. Nb3 Nc4 14. Qe2 Nd7 15.
Rfd1 Rc8 16. e4 e6 17. a4 Qb6 18. axb5 axb5 19. e5 Bc6 20. Na2 Rfe8 21. Nb4 Bb7
22. Bb1 Bf8 23. Nd3 b4 24. Nbc5 Bc6 25. Nxd7 Bxd7 26. Nc5 Bb5 27. Bd3 Rc7 28.
b3 Na3 29. Bxb5 Qxb5 30. Qxb5 Nxb5 31. Be3 Rec8 32. Nd3 Rc3 33. Rxc3 Rxc3 34.
Nc1 Rc2 35. Kf1 Nc3 36. Rd3 h5 37. Bd2 Nb1 38. Be3 Kh7 39. Ne2 Bh6 40. Bxh6
Kxh6 41. Ke1 Na3 42. Rd2 Rc7 43. h4 g5 44. hxg5+ Kxg5 45. Kd1 h4 46. Rd3 Nb5
47. Rf3 1/2-1/2

[Event "Battle of Alberta"]
[Site "Red Deer CAN"]
[Date "2013.09.07"]
[Round "2.1"]
[White "Porper, Edward"]
[Black "Yam, Alex"]
[Result "1-0"]
[WhiteElo "2445"]
[BlackElo "2279"]
[PlyCount "103"]
[EventDate "2013.09.07"]
[EventType "team"]
[EventRounds "2"]
[EventCountry "CAN"]

1. Nf3 Nf6 2. d4 c5 3. d5 e6 4. c4 d6 5. Nc3 exd5 6. cxd5 g6 7. h3 Bg7 8. e4
O-O 9. Bd3 b5 10. O-O b4 11. Nb1 c4 12. Bxc4 Nxe4 13. Qe1 Re8 14. Qxb4 Na6 15.
Qa3 Qb6 16. Nc3 Rb8 17. Be3 Qxb2 18. Qxb2 Rxb2 19. Nb5 Nb4 20. Rab1 Rxb1 21.
Rxb1 a5 22. a3 Na6 23. Bf4 Bf8 24. Na7 Nac5 25. Rb8 Bd7 26. Rxe8 Bxe8 27. Nd2
Nxd2 28. Bxd2 a4 29. Bb4 f5 30. Kf1 Be7 31. Ke2 Kf8 32. Nc8 Bd7 33. Nxe7 Kxe7
34. h4 Be8 35. Ke3 Nd7 36. Kd4 Nb6 37. Be2 Bf7 38. Bf3 Nd7 39. Bd2 Nc5 40. Kc4
Kd7 41. Bd1 Kc7 42. f3 Kb7 43. Be3 Nb3 44. Bc2 Kc7 45. h5 Kb7 46. h6 Kc7 47. g4
fxg4 48. fxg4 Kb7 49. Kb4 Be8 50. Bd3 Kc7 51. Bb5 Bxb5 52. Kxb5 1-0

[Event "Quebec op inv."]
[Site "Montreal CAN"]
[Date "2013.07.21"]
[Round "1.15"]
[White "Porper, Edward"]
[Black "Masse, Hugues"]
[Result "1-0"]
[WhiteElo "2453"]
[BlackElo "2187"]
[PlyCount "83"]
[EventDate "2013.07.21"]
[EventType "swiss"]
[EventRounds "9"]
[EventCountry "CAN"]

1. d4 Nf6 2. c4 g6 3. Nc3 d5 4. e3 Bg7 5. cxd5 Nxd5 6. Nxd5 Qxd5 7. Ne2 e5 8.
Nc3 Qd8 9. d5 O-O 10. e4 c6 11. Be2 cxd5 12. exd5 Nd7 13. O-O Nf6 14. Be3 b6
15. Qd2 Ne8 16. a4 Nd6 17. a5 bxa5 18. Nb5 Nxb5 19. Bxb5 Bd7 20. Bxd7 Qxd7 21.
Rxa5 Rfb8 22. Rc1 Bf8 23. Bc5 Bxc5 24. Raxc5 Rd8 25. Qc3 Qd6 26. Re1 Re8 27.
Rd1 Rad8 28. Rc6 Qe7 29. d6 Qe6 30. h3 Rd7 31. b4 Red8 32. Qc5 Kg7 33. b5 Kg8
34. Rd5 f6 35. Rc7 e4 36. Qxa7 e3 37. fxe3 Rxc7 38. dxc7 Qxd5 39. cxd8=Q+ Qxd8
40. Qd4 Qb8 41. b6 f5 42. Qc5 1-0

[Event "Quebec op inv."]
[Site "Montreal CAN"]
[Date "2013.07.21"]
[Round "2.10"]
[White "Thavandiran, Shiyam"]
[Black "Porper, Edward"]
[Result "1/2-1/2"]
[WhiteElo "2338"]
[BlackElo "2453"]
[PlyCount "88"]
[EventDate "2013.07.21"]
[EventType "swiss"]
[EventRounds "9"]
[EventCountry "CAN"]

1. e4 e5 2. Nf3 d6 3. d4 exd4 4. Qxd4 a6 5. Bg5 Nc6 6. Qe3 Be7 7. Nc3 Ne5 8.
Bxe7 Nxf3+ 9. gxf3 Nxe7 10. f4 f5 11. Rg1 O-O 12. Bc4+ Kh8 13. O-O-O fxe4 14.
Nxe4 Nf5 15. Qf3 Qh4 16. Ng5 Nh6 17. Rd4 Bg4 18. Qg3 Qxg3 19. fxg3 Rae8 20. Bd5
c6 21. Be4 Bf5 22. Bxf5 Nxf5 23. Re4 Rxe4 24. Nxe4 Re8 25. Nc3 h5 26. Kd2 d5
27. Na4 Nd6 28. Re1 Ne4+ 29. Kc1 Re6 30. Nc3 Nc5 31. Rxe6 Nxe6 32. Kd2 g6 33.
Kd3 Kg7 34. b4 Kf6 35. Nd1 g5 36. fxg5+ Nxg5 37. c4 Ke5 38. cxd5 cxd5 39. Ne3
b5 40. Ng2 Nh3 41. Nh4 Nf2+ 42. Ke2 Ne4 43. Kd3 Nf2+ 44. Ke2 Ne4 1/2-1/2

[Event "Quebec op inv."]
[Site "Montreal CAN"]
[Date "2013.07.22"]
[Round "3.5"]
[White "Rozentalis, Eduardas"]
[Black "Porper, Edward"]
[Result "1-0"]
[WhiteElo "2619"]
[BlackElo "2453"]
[PlyCount "83"]
[EventDate "2013.07.21"]
[EventType "swiss"]
[EventRounds "9"]
[EventCountry "CAN"]

1. e4 e6 2. d4 d5 3. Nd2 c5 4. Ngf3 cxd4 5. Nxd4 Nc6 6. Bb5 Bd7 7. Nxc6 bxc6 8.
Bd3 Qc7 9. Qe2 Ne7 10. Nf3 Ng6 11. g3 Bd6 12. O-O O-O 13. c4 Rae8 14. Be3 dxe4
15. Bxe4 c5 16. Rad1 Bc6 17. Bxc6 Qxc6 18. Rd3 e5 19. Rfd1 e4 20. Rxd6 exf3 21.
Qf1 Qc8 22. R6d5 Re5 23. Bxc5 Rfe8 24. Be3 h5 25. b4 h4 26. b5 hxg3 27. hxg3
Re4 28. c5 Nh4 29. c6 Ng2 30. Rd7 Nxe3 31. fxe3 Rxe3 32. c7 Re1 33. Rxe1 Qxd7
34. Rxe8+ Qxe8 35. Qc1 Qc8 36. Kf2 Kh7 37. Qc4 f6 38. a4 Kg6 39. a5 Qh3 40.
c8=Q Qg2+ 41. Ke3 Qg1+ 42. Kf4 1-0

[Event "Quebec op inv."]
[Site "Montreal CAN"]
[Date "2013.07.23"]
[Round "4.14"]
[White "Porper, Edward"]
[Black "Leveille, Francois"]
[Result "1/2-1/2"]
[WhiteElo "2453"]
[BlackElo "2279"]
[PlyCount "329"]
[EventDate "2013.07.21"]
[EventType "swiss"]
[EventRounds "9"]
[EventCountry "CAN"]

1. b3 e5 2. Bb2 d6 3. e3 Nf6 4. f4 exf4 5. exf4 Be7 6. Be2 O-O 7. Bf3 d5 8. Ne2
Bc5 9. d4 Bb4+ 10. Nbc3 Re8 11. O-O c6 12. Ng3 Nbd7 13. Qd3 Nf8 14. f5 Qe7 15.
Bc1 h6 16. Bd2 Bd6 17. Rae1 Qc7 18. Rxe8 Nxe8 19. Nce2 b5 20. Kh1 Nf6 21. Nh5
Nxh5 22. Bxh5 Nh7 23. Bf4 Nf6 24. Bxd6 Qxd6 25. Ng3 a5 26. Bf3 a4 27. Nh5 axb3
28. axb3 Ra2 29. g3 Nxh5 30. Bxh5 Qf6 31. Bg4 Bd7 32. h4 Qd6 33. Kg2 c5 34.
dxc5 Qxc5 35. Rf2 d4 36. Kh2 Qc3 37. Qxc3 dxc3 38. Bh3 b4 39. Bg2 Bb5 40. Be4
Ra1 41. Kg2 Re1 42. Kf3 f6 43. Kf4 Kf8 44. Rf3 Be2 45. Rf2 Ke7 46. Ke3 Bb5+ 47.
Kd4 Kd6 48. Bd3 Rd1 49. Rf3 h5 50. Re3 Bxd3 51. Rxd3 Rxd3+ 52. Kxd3 Kd5 53. Ke3
Ke5 54. Kd3 Kxf5 55. Kc4 Kg4 56. Kxb4 Kxg3 57. Kxc3 f5 58. b4 f4 59. b5 f3 60.
b6 f2 61. b7 f1=Q 62. b8=Q+ Kxh4 63. Qb4+ Kg3 64. Qd6+ Qf4 65. Qg6+ Kh4 66. Qe8
Kg5 67. Kb3 h4 68. c4 Qf3+ 69. Kb4 h3 70. Qe5+ Kh6 71. c5 Qg2 72. Qf4+ g5 73.
Qf6+ Kh5 74. Qh8+ Kg4 75. Qd4+ Kf5 76. Qd7+ Kf4 77. Qd4+ Qe4 78. Qxe4+ Kxe4 79.
c6 h2 80. c7 h1=Q 81. c8=Q Qb1+ 82. Ka4 Qa2+ 83. Kb4 Qb2+ 84. Ka4 Qd4+ 85. Ka5
Kf4 86. Qf8+ Kg3 87. Qb8+ Kh3 88. Qc8+ g4 89. Ka6 Kh2 90. Qc2+ Kg1 91. Qc1+ Kf2
92. Qc2+ Kf3 93. Qf5+ Ke3 94. Qg5+ Ke2 95. Qh5 Qe4 96. Ka5 Kf1 97. Qf7+ Kg2 98.
Qa2+ Kh3 99. Qg8 g3 100. Qh8+ Kg4 101. Qg7+ Kf4 102. Qh6+ Kf3 103. Qf6+ Ke2
104. Qb2+ Kf1 105. Qf6+ Kg1 106. Qb6+ Kh2 107. Qh6+ Kg2 108. Kb6 Qd4+ 109. Ka6
Kf2 110. Qf8+ Kg1 111. Qf5 Qf2 112. Qg6 Qe2+ 113. Ka7 Qe3+ 114. Ka8 g2 115.
Qb1+ Kh2 116. Qh7+ Kg3 117. Qg6+ Kf3 118. Qf5+ Qf4 119. Qd3+ Kf2 120. Qc2+ Kg3
121. Qg6+ Qg4 122. Qd6+ Kf2 123. Qb6+ Kf1 124. Qb1+ Ke2 125. Qc2+ Kf3 126. Qc3+
Kf2 127. Qc5+ Kg3 128. Qd6+ Qf4 129. Qg6+ Kf3 130. Qd3+ Qe3 131. Qf5+ Ke2 132.
Qb5+ Qd3 133. Qb2+ Kf1 134. Qc1+ Kf2 135. Qc5+ Kf3 136. Qh5+ Kg3 137. Qe5+ Kg4
138. Qg7+ Kf3 139. Qf6+ Ke2 140. Qb2+ Qd2 141. Qe5+ Kf1 142. Qf6+ Ke1 143. Qa1+
Qd1 144. Qc3+ Kf2 145. Qc5+ Kf1 146. Qf5+ Ke1 147. Qe5+ Qe2 148. Qa1+ Kf2 149.
Qd4+ Qe3 150. Qb2+ Kg3 151. Qg7+ Kh2 152. Qh8+ Qh3 153. Qe5+ Kh1 154. Qe4 Qh5
155. Qc6 Qg5 156. Qe4 Kh2 157. Qh7+ Kg3 158. Qd3+ Kh4 159. Qh7+ Qh5 160. Qe7+
Kh3 161. Qe3+ Kh2 162. Qf4+ Kh1 163. Qe4 Qh8+ 164. Kb7 Qg7+ 165. Ka8 1/2-1/2

[Event "Quebec op inv."]
[Site "Montreal CAN"]
[Date "2013.07.26"]
[Round "7.18"]
[White "Song, Michael"]
[Black "Porper, Edward"]
[Result "1/2-1/2"]
[WhiteElo "2242"]
[BlackElo "2453"]
[PlyCount "81"]
[EventDate "2013.07.21"]
[EventType "swiss"]
[EventRounds "9"]
[EventCountry "CAN"]

1. d4 Nf6 2. c4 e6 3. Nc3 Bb4 4. e3 b6 5. Nge2 Bb7 6. a3 Be7 7. d5 a5 8. e4 O-O
9. Nf4 Bd6 10. Bd3 Na6 11. O-O Nc5 12. Bc2 Be5 13. Nfe2 Ba6 14. f4 Bxc3 15.
Nxc3 Bxc4 16. Re1 exd5 17. e5 Nfe4 18. Nxd5 f5 19. b3 Bb5 20. Bb2 Bc6 21. b4
axb4 22. axb4 Rxa1 23. Bxa1 Ne6 24. g3 Rf7 25. Bb3 Qa8 26. Rxe4 fxe4 27. f5 Ng5
28. Nxc7 Qa7 29. Bxf7+ Nxf7 30. e6 dxe6 31. Nxe6 b5+ 32. Kf1 Qa3 33. Qd4 Qd3+
34. Ke1 Qxd4 35. Nxd4 Bd7 36. h3 h5 37. Ke2 Nd6 38. g4 hxg4 39. hxg4 Nc4 40.
Bc3 g6 41. Kf2 1/2-1/2

[Event "Quebec op inv."]
[Site "Montreal CAN"]
[Date "2013.07.27"]
[Round "8.16"]
[White "Porper, Edward"]
[Black "Voskanyan, Vahagn"]
[Result "1-0"]
[WhiteElo "2453"]
[BlackElo "2241"]
[PlyCount "107"]
[EventDate "2013.07.21"]
[EventType "swiss"]
[EventRounds "9"]
[EventCountry "CAN"]

1. d4 d5 2. c4 c6 3. Nc3 e5 4. dxe5 d4 5. Ne4 Qa5+ 6. Nd2 Qxe5 7. Ngf3 Qc5 8.
a3 a5 9. Nb3 Qxc4 10. Nbxd4 Qd5 11. g3 Nf6 12. Bg2 Bc5 13. O-O O-O 14. Bg5 Ne4
15. Nb3 Qxd1 16. Raxd1 Nxg5 17. Nxc5 Nxf3+ 18. Bxf3 Na6 19. Ne4 Be6 20. Nd6
Rab8 21. e4 f6 22. Be2 Nc7 23. Nc4 Ra8 24. f4 Rfd8 25. Nb6 Rab8 26. Kf2 g6 27.
g4 Kg7 28. Ke3 g5 29. f5 Bb3 30. Rd7+ Rxd7 31. Nxd7 Re8 32. Nc5 a4 33. Nxb3
axb3 34. Rd1 Re7 35. Bc4 h5 36. h3 hxg4 37. hxg4 Kf8 38. Rd8+ Ne8 39. Bxb3 Rh7
40. Be6 Rh3+ 41. Kd4 Rh2 42. Rd7 Rd2+ 43. Kc5 Rc2+ 44. Kb4 Ng7 45. Rf7+ Kg8 46.
Rxf6+ Nxe6 47. Rxe6 Kf7 48. Rg6 Re2 49. Rxg5 Rxe4+ 50. Kc5 Re2 51. b4 Ra2 52.
Rh5 Kg7 53. Rh3 Rd2 54. Kb6 1-0